Svenska kyrkans domkyrkor - Statistics

General Stats
  • This quiz has been taken 77 times
  • The average score is 10 of 15
Answer Stats
Kyrkonamn % Correct
Uppsala domkyrka
98%
Göteborgs domkyrka
89%
Lunds domkyrka
89%
Linköpings domkyrka
81%
Luleå domkyrka
79%
Kalmar domkyrka
67%
Västerås domkyrka
67%
Karlstads domkyrka
65%
Skara domkyrka
65%
Växjö domkyrka
65%
Visby domkyrka
63%
Härnösands domkyrka
47%
Strängnäs domkyrka
40%
Storkyrkan
30%
Mariestads domkyrka
26%
No matching quizzes found
Score Distribution
Percent of People with Each Score
Percentile by Number Answered
Your Score History
You have not taken this quiz